Scarlett Johansson Movies by Picture - Statistics

General Stats
  • This quiz has been taken 41 times
    21 since last reset
  • The average score is 18 of 28
Answer Stats
Picture Answer % Correct
Black Widow
100%
Lucy
94%
Sing
94%
The Avengers
94%
Marriage Story
88%
Avengers: Endgame
81%
Jojo Rabbit
81%
Match Point
81%
Avengers: Infinity War
75%
Iron Man 2
75%
Don Jon
69%
Fly Me to the Moon
69%
Ghost in the Shell
69%
Jurassic World Rebirth
69%
The Horse Whisperer
69%
Under the Skin
69%
Asteroid City
63%
Lost in Translation
63%
Home Alone 3
56%
Rough Night
50%
The Nanny Diaries
50%
The Perfect Score
50%
Vicky Cristina Barcelona
50%
He's Just Not That Into You
44%
Chef
38%
Isle of Dogs
38%
The SpongeBob SquarePants Movie
31%
Hail Caesar
25%
No matching quizzes found
Score Distribution
Percent of People with Each Score
Percentile by Number Answered
Your Score History
You have not taken this quiz since the last reset